| 000 | 00577nam a22001577a 4500 | ||
|---|---|---|---|
| 008 | 160517b xxu||||| |||| 00| 0 eng d | ||
| 082 |
_22015 _aUT 0607 _bD11 |
||
| 100 |
_98390 _aDacumos, Lendie Mae A. |
||
| 245 |
_aImpact evaluation: Anak ng UM a banner project of Education/ _cLendie Mae A. Dacumus, Mhelene G. Herebesis and Joy G. Zamora. |
||
| 260 |
_aDigos City: _bUMDC _cOctober 2015. |
||
| 300 |
_a45 pages; _c29 cm |
||
| 650 | 0 |
_98389 _aEducation _vEnglish _xUndergraduate thesis. |
|
| 700 |
_98387 _aHerebesi, Mhelene G. |
||
| 700 |
_98388 _aZamora, Joy G. |
||
| 942 |
_2ddc _cUT |
||
| 999 |
_c2539 _d2539 |
||